| 000 | 00451nam a2200181Ia 4500 | ||
|---|---|---|---|
| 008 | 240925s9999 xx 000 0 und d | ||
| 020 | _a192815008 | ||
| 082 | _a823.8 WIL | ||
| 100 | _aWilde, Oscar | ||
| 245 | 0 | _aComplete Shorter Fiction | |
| 250 | _aNA | ||
| 260 |
_aNew York: _bOxford University Press _c,1992. |
||
| 300 |
_a86p. _bNA _fOriginal |
||
| 500 | _aNA | ||
| 600 | _aHumanities & Natural Science | ||
| 650 | _aLiterature | ||
| 942 | _cBK | ||
| 999 |
_c2884 _d2884 |
||